00895nam a2200205Ia 4500003000900000008004100009020001800050040001600068080002300084111007200107245026700179260004200446300001600488490002700504650004100531650002200572700002700594700003100621710003700652IN-BaIIA211028s9999 xx 000 0 eng d a90-277-1723-0 cIIA Library a082.2:52bIAU-S108 aInternational Astronomical Union SymposiumcGermanyd1983 Sept. 5-8 0aStructure and evolution of the magellanic cloudsbproceedings of the International Astronomical Union symposium No.108, held in Tubingen, West Germany, 5-8, September 1983cedited by Sidney Van Den Bergh and Klaas S. De Boer  aDordrechtbD. Reidel Publishingc1984 axvii, 425p. aIAU Symposium; no. 108 aAstronomy and Astrophysics Thesaurus aMagellanic clouds aDe Boer, Klaas S., ed. aVan Den Bergh, Sidney, ed. aInternational Astronomical Union